| 000 | 00609nam a2200217Ii 4500 | ||
|---|---|---|---|
| 003 | JO-AjNU | ||
| 008 | 230606s9999||||xx |||||||||||||| ||und|| | ||
| 020 | _a978-0-415-6627-2 | ||
| 040 |
_aJO-AjNU _beng _erda _cJO-AjNU |
||
| 041 | _aeng | ||
| 050 | 1 | 4 | _aTA645.W92 2013 |
| 100 | 3 |
_aHouge , richard /ken wyatt, _eauthor _94579 |
|
| 245 | 0 | 0 | _aprinciples of structure |
| 250 | _a5 ed | ||
| 264 | 3 | 1 | _aNew York :CRC press ,2013 |
| 300 | _a212p | ||
| 336 |
_atext _btxt _2rdacontent |
||
| 337 |
_aunmediated _bn _2rdamedia |
||
| 338 |
_avolume _bnc _2rdacarrier |
||
| 650 | 4 |
_aprinciples of structure _94580 |
|
| 999 |
_aE2375 _c2373 _d2373 |
||